000 00408nam a22001697a 4500
999 _c10721
_d10721
003 OSt
008 210722b ||||| |||| 00| 0 eng d
020 _a9789352134571
082 _a005.133 MII
100 _aMULLER,Andreas C
245 _aIntroduction to Machine Learning with Python
260 _aNew Delhi
_bSPD
_c2019
300 _a378
650 _aECE
700 _aGUIDO,Sarah
942 _2ddc
_cBK
_02